|
|
|
|
| LEADER |
01705nam a2200433 a 4500 |
| 001 |
EBC459658 |
| 003 |
MiAaPQ |
| 005 |
20200520144314.0 |
| 006 |
m o d | |
| 007 |
cr cn||||||||| |
| 008 |
070302s2007 dcua sb 000 0 eng |
| 010 |
|
|
|z 2007008821
|
| 020 |
|
|
|z 9780821370728
|
| 020 |
|
|
|z 0821370723
|
| 020 |
|
|
|a 9780821370735 (electronic bk.)
|
| 020 |
|
|
|a 0821370731 (electronic bk.)
|
| 035 |
|
|
|a (MiAaPQ)EBC459658
|
| 035 |
|
|
|a (Au-PeEL)EBL459658
|
| 035 |
|
|
|a (CaPaEBR)ebr10176219
|
| 035 |
|
|
|a (CaONFJC)MIL85779
|
| 035 |
|
|
|a (OCoLC)154217849
|
| 040 |
|
|
|a MiAaPQ
|c MiAaPQ
|d MiAaPQ
|
| 050 |
|
4 |
|a HG3891
|b .R37 2007
|
| 082 |
0 |
4 |
|a 330.9172/4
|2 22
|
| 100 |
1 |
|
|a Ratha, Dilip.
|
| 245 |
1 |
0 |
|a South-south migration and remittances
|h [electronic resource] /
|c Dilip Ratha and William Shaw.
|
| 260 |
|
|
|a Washington, D.C. :
|b World Bank,
|c c2007.
|
| 300 |
|
|
|a ix, 55 p. :
|b ill.
|
| 490 |
1 |
|
|a World Bank working paper ;
|v no. 102
|
| 500 |
|
|
|a "This paper was prepared by the Migration and Remittances Team of Development Prospects Group of the World Bank"--Acknowledgments.
|
| 504 |
|
|
|a Includes bibliographical references (p. 49-54).
|
| 533 |
|
|
|a Electronic reproduction. Ann Arbor, MI : ProQuest, 2015. Available via World Wide Web. Access may be limited to ProQuest affiliated libraries.
|
| 650 |
|
0 |
|a Emigrant remittances.
|
| 655 |
|
4 |
|a Electronic books.
|
| 700 |
1 |
|
|a Shaw, William,
|d 1953-
|
| 710 |
2 |
|
|a World Bank.
|b Development Prospects Group.
|b Migration and Remittances Team.
|
| 710 |
2 |
|
|a ProQuest (Firm)
|
| 830 |
|
0 |
|a World Bank working paper ;
|v no. 102.
|
| 856 |
4 |
0 |
|u https://ebookcentral.proquest.com/lib/matrademy/detail.action?docID=459658
|z Click to View
|